000 00915nas a2200301 4500
001 BR0900902
003 BR-BrBNA
005 20231205113137.0
007 ta
008 230509b bl.|||p| |||| 00| 00por d
040 _aBR-BrBNA
_bpor
_cBiblioteca Nacional de Agricultura
041 _a(Pt)
072 _aL01
100 1 _aMedeiros, C.M.
100 1 _aBaêta, F. da C.
100 1 _aOliveira, R.F.M. de
100 1 _aTinôco, I. de F.F.
100 1 _aAlbino, L.F.T.
100 1 _aCecon, P.R.
245 1 _aÍndice térmico ambiental de produtividade para frangos de corte.
650 _aFRANGO
650 _aPRODUTIVIDADE
650 _aAMBIENTE
650 _aTEMPERATURA
773 0 _tAgriambi - Revista Brasileira de Engenharia Agrícola e Ambiental (Brazil)
_xISSN 1415-4366
_g(Oct-Dec 2005), v. 9(4) p. 660-665
_wBR0900902
909 _a202311
_bLúcia
_c55
_dLúcia Elande
942 _2AGRIS
_n0
_cANA
999 _c202089
_d202089